000 00707nam a2200277Ia 4500
005 20260324113739.0
008 008 260324s9999 xx 000 0 eng d
020 _a9781003376651
037 _aEBOOK
040 _aCRL
040 _beng
040 _cCRL
041 _2eng
041 _aeng
084 _qCRL
100 _aArpan Deyasi; Angsuman Sarkar; Soumen Santra
_91148013
245 0 _aSystem Design Using the Internet of Things with Deep Learning Applications
260 _bTaylor and Francis
260 _c2023
365 _a
365 _b290
856 _uhttp://www.taylorfrancis.com/books/9781003376651
942 _cEBOOK
999 _c1737827
_d1737827